Score 0/50 Timer 20:00
0 Plays Today
Title Author % Correct
The Old Man and the SeaErnest Hemingway
98.1%
A Tale Of Two CitiesCharles Dickens
97.8%
Little WomenLouisa May Alcott
90.7%
Mansfield ParkJane Austen
88.9%
Atlas ShruggedAyn Rand
87.1%
Things Fall ApartChinua Achebe
84%
The Trial (Der Process)Franz Kafka
83.7%
Fear and Loathing in Las VegasHunter S. Thompson
76.4%
The Island of Doctor MoreauH.G. Wells
75.6%
The Turn of the ScrewHenry James
74.1%
Far from the Madding CrowdThomas Hardy
71%
Little House on the PrairieLaura Ingalls Wilder
70.2%
Pale FireVladimir Nabokov
69.3%
Middlemarch: A Study of Provincial LifeGeorge Eliot
69.3%
Anne of Green GablesLucy Maud Montgomery
67.7%
The House of MirthEdith Wharton
67.7%
Black BeautyAnna Sewell
64.5%
Eugene OneginAlexander Pushkin
63.6%
Roots: The Saga of an American FamilyAlex Haley
62.2%
The House of the Seven GablesNathaniel Hawthorne
61.3%
Light in AugustWilliam Faulkner
60.9%
HeidiJohanna Spyri
58.1%
Three Men in a BoatJerome K. Jerome
57.8%
Of Human BondageW. Somerset Maugham
55.6%
VilletteCharlotte Brontë
55.5%
Title Author % Correct
Chronicle of a Death Foretold (Crónica de una muerte anunciada)Gabriel García Márquez
54.8%
The Children of MenP. D. James
54.5%
The Adventures of Augie MarchSaul Bellow
52.9%
Sister CarrieTheodore Dreiser
52%
The 120 Days of Sodom, or the School of LibertinismMarquis de Sade
51.1%
The Awakening (A Solitary Soul)Kate Chopin
50.2%
Infinite JestDavid Foster Wallace
49.8%
The 39 StepsJohn Buchan
48.4%
BuddenbrooksThomas Mann
48.4%
Under the VolcanoMalcolm Lowry
44.9%
WaverleyWalter Scott
39.7%
DemonsFyodor Dostoyevsky
37.3%
At Swim-Two-BirdsBrian O'Nolan
35.6%
Cousin BetteHonoré de Balzac
32.4%
Martin EdenJack London
30.7%
Joseph AndrewsHenry Fielding
27.1%
PapillonHenri Charrière
27.1%
Dream of the Red ChamberCao Xueqin
23.6%
Pedro PáramoJuan Rulfo
23.6%
Journey to the WestWu Cheng'en
21.8%
Fanny HillJohn Cleland
19.1%
Beauty and the BeastGabrielle-Suzanne Barbot de Villeneuve
18.2%
The Little SisterRaymond Chandler
17.8%
The Heat of the DayElizabeth Bowen
13.3%
The Good MotherSue Miller
9.1%
Remove Ads.
Support Sporcle.
Get the best of Sporcle when you Go Orange. This ad-free experience offers more features, more stats, and more fun while also helping to support Sporcle. Thank you for becoming a member.

You're not logged in!

Compare scores with friends on all Sporcle quizzes.
OR
Log In

Show Comments

Extras

Created Sep 29, 2013ReportNominate
Tags:Author Quiz, Novel Quiz

Top Quizzes Today


Score Distribution

Your Account Isn't Verified!

In order to create a playlist on Sporcle, you need to verify the email address you used during registration. Go to your Sporcle Settings to finish the process.

Report this User

Report this user for behavior that violates our Community Guidelines.

Details: